000 00214 a2200097 4500
001 34141
100 _aTyler, David.W
245 _aElectrical Power Technology
260 _aBoston
_b
_c2001
090 _c22615
_d22615
942 _aNUST-CAE
_cM
_c14020
999 _c269214
_d269214